Κατάλογος Βιβλιοθηκών Mediterranean College

Principles of Neuropsychopharmacology (Record no. 2524)

MARC details
000 -LEADER
fixed length control field 01168cam a22002174a 4500
005 - ΗΜΕΡΟΜΗΝΙΑ ΚΑΙ ΩΡΑ ΤΕΛΕΥΤΑΙΑΣ ΕΝΗΜΕΡΩΣΗΣ
Πεδίο ελέγχου 20251230112109.0
008 - FIXED-LENGTH DATA ELEMENTS--GENERAL INFORMATION
Πεδίο ελέγχου σταθερού μήκους 250528s ||||||||||||||||||||||||d
035 ## - SYSTEM CONTROL NUMBER
System control number 17084
020 ## - ISBN
ISBN 878931759
040 ## - ΠΗΓΗ ΚΑΤΑΛΟΓΟΓΡΑΦΗΣΗΣ
Φορέας πρωτότυπης καταλογογράφησης MC Athens Campus Library
Γλώσσα καταλογογράφησης Ελληνικά, Μοντέρνα (1453-)
Modifying agency MC Athens Campus Library
Κανόνες περιγραφικής καταλογογράφησης AACR2
245 1# - ΤΙΤΛΟΣ ΚΑΙ ΔΗΛΩΣΗ ΥΠΕΥΘΥΝΟΤΗΤΑΣ
Τίτλος Principles of Neuropsychopharmacology
260 ## - PUBLICATION, DISTRIBUTION, ETC.
Name of publisher, distributor, etc. Sinauer Associates, Inc,
Date of publication, distribution, etc. 1997
300 ## - PHYSICAL DESCRIPTION
Extent 1020
520 ## - SUMMARY, ETC.
Summary, etc. Basic Concepts, Principles of Pharmacology, Methods of Neuropsychopharmacology, Neurons and Glial Cells, Functional Neuroanatomy, Neurophysiological Mechanisms, Synaptic Structure and Function, Neurotransmitter Systems, Acetylcholine, Catecholamines, Serotonin, The Amino Acid Neurotransmitters and Histamine, Peptide Neurotransmitters, Major Drug Classes, The Opiates, Stimulants: Apmhetamine and Cocaine, Stimulants: Nicotine and Caffeine, Alcohol, Sedative-Hypnotic and Anxiolytic Drugs, Mind-Altering Drugs, Clinical Applications, Schizophrenia, Affective Disorders, Parkinson's Disease and Alzheimer's Disease.
700 1# - ΠΡΟΣΘΕΤΗ ΑΝΑΓΡΑΦΗ--ΦΥΣΙΚΟ ΠΡΟΣΩΠΟ
Personal name Feldman, Robert S.
9 (RLIN) 3220
700 1# - ΠΡΟΣΘΕΤΗ ΑΝΑΓΡΑΦΗ--ΦΥΣΙΚΟ ΠΡΟΣΩΠΟ
Personal name Meyer Jerrold S
9 (RLIN) 3221
700 1# - ΠΡΟΣΘΕΤΗ ΑΝΑΓΡΑΦΗ--ΦΥΣΙΚΟ ΠΡΟΣΩΠΟ
Personal name Quenzer Linda F
9 (RLIN) 3222
942 ## - ADDED ENTRY ELEMENTS (KOHA)
Koha item type Books
Holdings
Τύπος τεκμηρίου Βιβλιοθήκη Τρέχουσα τοποθεσία Barcode Αριθμός εισαγωγής Ημερομηνία απόκτησης Ταξιθετικό σύμβολο Αριθμός αντιτύπου Κατάσταση απόσυρσης Κατάσταση χαμένου Κατάσταση κατεστραμμένου Μη δανεισμός Σύνολο δανεισμών Σύνολο ανανεώσεων Ημερομηνία τελευταίας εμφάνισης Χρονολογία τελευταίου δανεισμού Η τιμή ισχύει από
Books MC Athens Campus Library MC Athens Campus Library 9780000025234 7399 05/06/2025 615/.78 FEL 2         1 1 16/12/2025 27/11/2025 05/06/2025

MC Athens Campus Library
Πατησίων 94 & Κοδριγκτώνος 13, 104 34
Πελλήνης 8 & Πατησίων 107, 112 51
Τ: +30 210 8899600

MC Thessaloniki Campus Library
Ίωνος Δραγούμη 21, 54625 | Ίωνος Δραγούμη 15, 54625
Τ: +30 2310 287779 – Τ: +30 2314 440300